000 00711nam a2200217Ia 4500
003 GCL
008 140319s9999 xx 000 0 ara d
040 _aGCL /
_cGCL
082 0 4 _a580.7
_bم م
100 1 _aمحمود عبدالعزيز خليلى
245 1 0 _aمحاصيل الخضر والتقسيم النباتى- الوصف المورفسيولوجى- الامناف) /
_cمحمود عبدالعزيز خليلى
260 _a[S.N] :
_bمنشاة المعارف الاسلامية ،
_c1989
300 _a331 ص
490 _a
650 0 4 _aالعلم
650 0 4 _aالزراعة
650 0 4 _aالنبات
650 0 4 _aالنباتات
650 0 4 _aالمستديمة
942 _2ddc
_cBK
999 _c30596
_d30596